| 000 | 00454nam a22001577a 4500 | ||
|---|---|---|---|
| 999 |
_c41283 _d41283 |
||
| 003 | OSt | ||
| 005 | 20210412151656.0 | ||
| 008 | 210412b ||||| |||| 00| 0 eng d | ||
| 040 | _coclc | ||
| 082 |
_a297 _bQUT/T |
||
| 100 |
_91891 _aQutb, Muhammed |
||
| 245 |
_aThettidharikkappetta Matham/ _cMuhammed Quthb |
||
| 260 |
_aKozhikode: _b Islamic Publishing House |
||
| 300 | _a253 pages | ||
| 942 |
_2ddc _cBK _h297 _iQUT/T _k297 _mQUT/T |
||